Geography of Michigan - Statistics

General Stats
  • This quiz has been taken 663 times
    548 since last reset
  • The average score is 15 of 20
Answer Stats
Question Answer % Correct
What is the only Great Lake that Michigan does NOT border? Lake {Ontario}
97%
Which city is the state capital of Michigan? Lansing
95%
What state border Michigan's Upper Peninsula? Wisconsin
87%
What is the most famous nickname of Detroit? The {Motor} City
85%
Which city is home to the University of Michigan? Ann Arbor
81%
What is the largest European ancestry of the residents in Michigan? German
81%
What city was found to have lead in its drinking water in 2015? Flint
80%
What is the second most populous city in Michigan? Grand Rapids
79%
What is the Michigan's Lower Peninsula said to be shaped like? Mitten
78%
What is the third most-spoken language in Michigan, after English and Spanish? Arabic
77%
What city in the Upper Peninsula faces a Canadian city with the same name? Sault Ste {Marie}
74%
What is the name of the bridge that connects the Upper and Lower peninsulas? Mackinac Bridge
72%
Which animal symbolizes Michigan, but does not actually live in the state? Wolverine
67%
What is the name of the Canadian city that faces Detroit? Windsor
65%
What island in Lake Superior is Michigan's largest, and also its only national park? Isle {Royal}e
62%
What is the largest island located in Lake Michigan? (hint: animal representing Canada) Beaver Island
61%
What Detroit suburb is known for its large Middle Eastern population? Dearborn
56%
What city, starting with M, is the most populous in Michigan's Upper Peninsula? Marquette
56%
What is the name of the county in which Detroit is located? Wayne
52%
What Michiganian city hosts the annual "National Cherry Festival"? Traverse City
45%
No matching quizzes found
Score Distribution
Percent of People with Each Score
Percentile by Number Answered
Your Score History
You have not taken this quiz since the last reset